Thermodynamics (Record no. 5996)

000 -LEADER
fixed length control field 00510nam a2200205 i 4500
001 - CONTROL NUMBER
control field 5996
003 - CONTROL NUMBER IDENTIFIER
control field BD-DhUET
008 - FIXED-LENGTH DATA ELEMENTS--GENERAL INFORMATION
fixed length control field 770308s1978 nyua b 001 0 eng
020 ## - INTERNATIONAL STANDARD BOOK NUMBER
International Standard Book Number 0029789109
040 ## - CATALOGING SOURCE
Original cataloging agency DLC
Transcribing agency DLC
Modifying agency BD-DhUET
082 00 - DEWEY DECIMAL CLASSIFICATION NUMBER
Classification number 621.01
Item number FAI/1970
100 ## - MAIN ENTRY--PERSONAL NAME
Personal name Faires, Virgil Moring
245 10 - TITLE STATEMENT
Title Thermodynamics
250 ## - EDITION STATEMENT
Edition statement 6th ed.
260 ## - PUBLICATION, DISTRIBUTION, ETC. (IMPRINT)
Place of publication, distribution, etc. New York
Name of publisher, distributor, etc. Macmillan
Date of publication, distribution, etc. 1978
300 ## - PHYSICAL DESCRIPTION
Extent xxiii, 647 p.
Other physical details ill.
Dimensions 26 cm.
650 #0 - SUBJECT ADDED ENTRY--TOPICAL TERM
Topical term or geographic name as entry element Thermodynamics
700 ## - ADDED ENTRY--PERSONAL NAME
Personal name Simmang, Clifford M.
942 ## - ADDED ENTRY ELEMENTS (KOHA)
Koha item type General Book
Holdings
Sublocation or collection (holding branch) Date acquired Koha date last seen Damaged status Shelving location Copy number Koha item type Not for loan Price effective from Source of classification or shelving scheme Location (home branch) Withdrawn status Koha normalized classification for sorting Koha full call number Piece designation (barcode) Lost status
Central Library, BUET2014-11-292014-11-29 Circulation section2General Book 2014-11-29 Central Library, BUET 621_010000000000000_FAI_1978621.01/FAI/197837055 
Central Library, BUET2014-11-292014-11-29 Circulation section3General Book 2014-11-29 Central Library, BUET 621_000000000000000_01FAI1978621.01FAI/197853629 
Central Library, BUET2015-06-142015-06-14 Reading section3General Book 2015-06-14 Central Library, BUET 621_010000000000000_FAI_1970621.01/FAI/197055395 
Central Library, BUET2015-06-162015-06-16 Reading section4General Book 2015-06-16 Central Library, BUET 621_010000000000000_FAI_1970621.01/FAI/197042942 
Central Library, BUET2015-06-292015-06-29 Reading section5Reading Item 2015-06-29 Central Library, BUET 621_010000000000000_FAI_1970621.01/FAI/197050946